书目信息 |
| 题名: |
德国简史
|
|
| 作者: | 张炳杰 编著 | |
| 分册: | ||
| 出版信息: | 北京 商务印书馆 1979 |
|
| 页数: | 116页 | |
| 开本: | 19cm | |
| 丛书名: | ||
| 单 册: | ||
| 中图分类: | K516.0 | |
| 科图分类: | ||
| 主题词: | ||
| 电子资源: | ||
| ISBN: | ||
| 000 | 00604nam0 2200229 45 | |
| 001 | 0179006346 | |
| 005 | 20060227093716.84 | |
| 010 | @dCNY0.31 | |
| 091 | @a11017.450 | |
| 100 | @a19950725d1979 em y0chiy0121 ea | |
| 101 | 0 | @achi |
| 102 | @aCN@b110000 | |
| 105 | @ay z 000yy | |
| 200 | 10 | @a德国简史@Ade guo jian shi@f张炳杰编著@Fzhang bing jie bian zhu |
| 210 | @a北京@c商务印书馆@d1979 | |
| 215 | @a116页@d19cm | |
| 607 | @a德国@x历史 | |
| 607 | @a历史-德国 | |
| 690 | @aK516.0@v3 | |
| 701 | 0 | @a张炳杰@Azhang bing jie@4编著 |
| 801 | @aCN@bTSTC@c20060227 | |
| 905 | @dK516.0@e5@f2@b67520-521 | |
| 德国简史/张炳杰编著.-北京:商务印书馆,1979 |
| 116页;19cm |
| ISBN :CNY0.31 |
| ● |
| 相关链接 |
|
|
|
|
正题名:德国简史
索取号:K516.0/5
 
预约/预借
| 序号 | 登录号 | 条形码 | 馆藏地/架位号 | 状态 | 备注 |
| 1 | 0067518 | 202199487 | 密集书库/ [索取号:K516.0/5] | 在馆 | |
| 2 | 0067519 | 001534423 | 密集书库/ [索取号:K516.0/5] | 在馆 | |
| 3 | 0067520 | 001395430 | 第二样本阅览室/ [索取号:K516.0/5] | 在馆 | |
| 4 | 0067521 | 001395500 | 第二借阅区/ [索取号:K516.0/5] | 在馆 | |
| 5 | 0067522 | 001534469 | 密集书库/ [索取号:K516.0/5] | 在馆 |